Five get into trouble (Record no. 240939)

MARC details
000 -LEADER
fixed length control field 00926nam a22002177a 4500
003 - CONTROL NUMBER IDENTIFIER
control field St Aloysius Coll
005 - DATE AND TIME OF LATEST TRANSACTION
control field 20260223112859.0
008 - FIXED-LENGTH DATA ELEMENTS--GENERAL INFORMATION
fixed length control field 260221b |||||||| |||| 00| 0 eng d
020 ## - INTERNATIONAL STANDARD BOOK NUMBER
International Standard Book Number 9780340894613
040 ## - CATALOGING SOURCE
Transcribing agency AL
041 ## - LANGUAGE CODE
Language code of text/sound track or separate title English
082 ## - DEWEY DECIMAL CLASSIFICATION NUMBER
Item number BLYF
Classification number 823.912
100 ## - MAIN ENTRY--PERSONAL NAME
Personal name Enid Blyton
9 (RLIN) 256379
245 ## - TITLE STATEMENT
Title Five get into trouble
260 ## - PUBLICATION, DISTRIBUTION, ETC.
Place of publication, distribution, etc. London
Name of publisher, distributor, etc. Hodder Childrens Books
Date of publication, distribution, etc. 2015
300 ## - PHYSICAL DESCRIPTION
Extent 162p.
Other physical details PB
Dimensions 17.9x10.7cm
365 ## - TRADE PRICE
Source of price type code General
Price type code 6073
Price amount ₹159.00
Currency code
Unit of pricing ₹199.00
Price note 20%
Price effective from 17/02/2026
520 ## - SUMMARY, ETC.
Summary, etc. The Famous Five are distraught! Dick has been kidnapped - mistaken for somebody else! The gang finally track him down - to a lonely, abandoned house - but then they too are seized and held captive! Now that all of them are miles from home, and from help, how will the intrepid Five get themselves out of this mess . . ?
650 ## - SUBJECT ADDED ENTRY--TOPICAL TERM
Source of heading or term Literature
Topical term or geographic name entry element English Literature
9 (RLIN) 256429
942 ## - ADDED ENTRY ELEMENTS (KOHA)
Source of classification or shelving scheme Dewey Decimal Classification
Koha item type Book
Holdings
Withdrawn status Lost status Source of classification or shelving scheme Damaged status Not for loan Collection code Home library Current library Date acquired Source of acquisition Cost, normal purchase price Total Checkouts Full call number Barcode Date last seen Cost, replacement price Price effective from Koha item type
    Dewey Decimal Classification     MA English St Aloysius PG Library St Aloysius PG Library 02/20/2026 Biblios Book Point 159.00   823.912 BLYF PG025198 02/21/2026 199.00   Book